LIBRARY ONLINE CATALOGUE

Economics / (Record no. 1548)

MARC details
000 -LEADER
fixed length control field 00636cam a22002172 4500
001 - CONTROL NUMBER
control field 0000020949
005 - DATE AND TIME OF LATEST TRANSACTION
control field 20151021152600.0
008 - FIXED-LENGTH DATA ELEMENTS--GENERAL INFORMATION
fixed length control field 120104s xx 000 0 eng d
020 ## - INTERNATIONAL STANDARD BOOK NUMBER
International Standard Book Number 1844801336 :
040 ## - CATALOGING SOURCE
Original cataloging agency KABU
Transcribing agency KABU
100 1# - MAIN ENTRY--PERSONAL NAME
Personal name Mankiw, N. Gregory.
-- 0000148278
245 10 - TITLE STATEMENT
Title Economics /
Statement of responsibility, etc. Gregory N. Mankiw and Mark P. Taylor.
250 ## - EDITION STATEMENT
Edition statement 1st ed.
260 ## - PUBLICATION, DISTRIBUTION, ETC. (IMPRINT)
Place of publication, distribution, etc. London :
Name of publisher, distributor, etc. Thomson,
Date of publication, distribution, etc. 2006.
300 ## - PHYSICAL DESCRIPTION
Extent xxxiv, 830 p.
650 #0 - SUBJECT ADDED ENTRY--TOPICAL TERM
Topical term or geographic name as entry element Economics.
-- 0000148279
700 1# - ADDED ENTRY--PERSONAL NAME
Personal name Taylor, Mark P.
-- 0000159218
852 1# - LOCATION
-- p2805 KES
908 ## - PUT COMMAND PARAMETER (RLIN)
Put command parameter 120104
950 ## - LOCAL HOLDINGS (RLIN)
-- 1
Holdings
Withdrawn status Lost status Source of classification or shelving scheme Not for loan Home library Current library Date acquired Total Checkouts Full call number Barcode Date last seen Date last checked out Copy number Price effective from Koha item type Total Renewals
    Library of Congress Classification   Kabarak, Main Campus Kabarak, Main Campus 17/12/2015 11 HB171.5 .M36 2006 c. 1 014187 02/08/2024 24/11/2021   17/12/2015 General Collection 1
    Library of Congress Classification   Kabarak, Nakuru City Campus Kabarak, Nakuru City Campus 21/10/2015 1 HB171.5 .M36 2006 c. 1 20168 15/04/2023 23/03/2023 C.1 21/10/2015 General Collection